Controlling in Banken - Informations Aufgaben im neuen Design?

Controlling ako súčasť procesu managementu v bankách a jeho koordinačná funkcia. Požiadavky na skracovanie času v ktorom sa reaguje na nové požiadavky zákazníkov a úloha controllingu v tomto procese. Získavanie informácií cez controlling a ich štruktúra.

Na minha lista:
Detalhes bibliográficos
Autor principal: Gushurst, K.P
Formato: Capítulo de Livro
Idioma:alemão
Assuntos:
Tags: Adicionar Tag
Sem tags, seja o primeiro a adicionar uma tag!

MARC

LEADER 00000naa a2200000 4500
001 r005929
005 20221208122720.8
041 0 |a ger 
044 |a DE 
245 1 0 |a Controlling in Banken - Informations Aufgaben im neuen Design?  |c K.P. Gushurst 
520 |a Controlling ako súčasť procesu managementu v bankách a jeho koordinačná funkcia. Požiadavky na skracovanie času v ktorom sa reaguje na nové požiadavky zákazníkov a úloha controllingu v tomto procese. Získavanie informácií cez controlling a ich štruktúra. 
610 2 0 |a kontroling 
610 2 0 |a manažment 
610 2 0 |a kontrola banková 
610 2 0 |a zákazníci 
610 2 0 |a získavanie informácií 
100 1 |a Gushurst, K.P.